000 00691nam a2200241Ia 4500
003 OSt
005 20220928113721.0
006 a|||||r|||| 00| 0
007 ta
008 220927b |||||||| |||| 00| 0 eng d
024 _a74842
037 _cTextual
040 _aSDCL
_cSDCL
_beng
041 _2eng
_aeng
082 _aY73(Q7).2'P, P0
100 _aAsaduddin M Ed.
_9434672
245 0 _aImage and representation
_b Stories of muslim lives in India
260 _aNew Delhi
_bOxford
_c2000
300 _aVII,349p
_ccm.
700 _a Hasan Mushirul Ed.
942 _hY73(Q7).2'P, P0
_cTEXL
_2CC
999 _c750971
_d750971